000 00874nmm a2200265 a 4500
003 AR-BaBNM
005 20251128211638.0
008 065020s2004 ||||||||||||||000 | spa||
040 _cAR-BaBNM
245 1 0 _aConstruyendo oportunidades
_bprotegiendo el presente aseguramos el futuro
260 _aBuenos Aires
_bInstituto Superior del Profesorado de Psicopedagogía y Educación Especial "Dr. Domingo Cabred"
_c2004
_bPrograma Apoyo a la Educación Inicial
300 0 _a75 p.
504 _aBibliografía en p. 73-75
650 4 _aEDUCACION ESPECIAL
650 4 _aDESARROLLO DEL NINO
653 _aEDUCACION INICIAL
653 _aDISCAPACITADOS
653 _aEXPERIENCIAS EDUCATIVAS
700 1 _aLuque Disandro, Cristina
700 1 _aTonnelier, Magdalena
700 1 _aGalli, Marianna
700 1 _aBezzone, Nora
942 _cBK
998 _cmaria eugenia
999 _c20574
_d20574